Movies Quiz

Random Movies or Lyrics Quiz

Moana- 'Shiny' Lyrics (Part 1) Quiz Stats

Quiz not verified by Sporcle

Also try: Movies of 1987
Challenge
Share
Tweet
Embed
Score 0/250 Timer 09:00
1 Play Today
lyrics % Correct
a
97.1%
a
97.1%
a
97.1%
a
97.1%
a
97.1%
a
97.1%
a
97.1%
a
97.1%
a
97.1%
a
97.1%
a
97.1%
I
96.7%
I
96.7%
I
96.7%
I
96.7%
I
96.7%
I
96.7%
I
96.7%
I
96.7%
shiny
95%
shiny.
95%
shiny!
95%
shiny!
95%
be
94.2%
be
94.2%
be
94.2%
be
94.2%
you
93%
you
93%
you
93%
You
93%
You
93%
you
93%
you
93%
you
93%
you
93%
you
93%
You
93%
to
91.7%
to
91.7%
to
91.7%
to
91.7%
to
91.7%
to
91.7%
to
91.7%
little
91.6%
crab
91.6%
the
91.6%
the
91.6%
little
91.6%
little
91.6%
the
91.6%
the
91.6%
the
91.6%
the
91.6%
on
91.5%
on
91.5%
was
91.1%
like
90.1%
like
90.1%
like
90.1%
like
90.1%
like
90.1%
like
90.1%
this
88.8%
always
88.6%
once.
88.2%
your
88%
your
88%
Your
88%
your
88%
your
88%
your
88%
drab
87.6%
I'm
87.4%
I'm
87.4%
look
87.2%
look
87.2%
look.
87.2%
are
87%
are
87%
it
86.9%
it?)
86.9%
it
86.9%
lyrics % Correct
it
86.9%
Well
86.8%
Well
86.8%
well
86.8%
well,
86.8%
in
86.7%
and
86.5%
and
86.5%
and
86.5%
been
86%
hasn't
85.3%
can
85.3%
glam.
84.9%
Maui
84.2%
granny
84%
granny
84%
know
83.7%
know
83.7%
who
83.3%
inside?
83.2%
heart,
83%
heart.
83%
Now
82.4%
Now
82.4%
fish
82.2%
fish
82.2%
as
82.1%
lied!
81.9%
listen
81.1%
I'd
80.9%
rather
80.4%
Just
80.2%
just
80.2%
just
80.2%
demi-god
80.2%
clam
80.1%
happy
79.8%
seafood.
79.6%
Tamatoa
79.6%
say
79.5%
demi
79.4%
Did
78.9%
deck
78.8%
that
78.5%
food
78.5%
that
78.5%
god.
78.4%
because
77.8%
her
77.6%
make
77.6%
free
77.5%
pirate
77.3%
beautiful
77.1%
dumb (x3)
77.1%
They
77%
they
77%
Don't
76.9%
don't
76.9%
love
76.8%
hook.
76.7%
baby.
76.6%
Scrub
76.4%
glitters
76.3%
glitters
76.3%
(Look
76%
sunken
75.5%
apart.
74.9%
apart
74.9%
neck.
74.4%
get
73.6%
(Get
73.6%
woman's
73.5%
wealthy
73.2%
anything
73.2%
trouble
72.9%
with
72.9%
his
72.8%
tear
72.5%
so
72.4%
from
72.2%
come (x3)
72.2%
having
72.1%
wreck.
71.9%
treasure
71.8%
lyrics % Correct
mini
71.7%
semi
71.6%
will
71.2%
will
71.2%
my
70.3%
my
70.3%
my
70.3%
my
70.3%
argument
70.1%
(Beginners)
69.9%
dinners.
69.9%
used
69.5%
thing
69.5%
sparkle
68.7%
chase
68.7%
Here
68.7%
have
68.1%
sec!
67.8%
swing
67.4%
too
67.3%
too
67.3%
man.
67.2%
man
67.2%
words
66.9%
brightest
66.8%
but
66.5%
but
66.5%
Maui's
66.2%
for
65.7%
For
65.7%
for
65.7%
three
65.6%
outside.
65.6%
of
65.5%
can't,
64.8%
can't
64.8%
what
63.1%
tattoos
63%
me
62.8%
me
62.8%
need
62.1%
work
61.8%
art.
61.6%
never
60.8%
never
60.8%
diamond
59.9%
give
59.1%
credit
58.4%
myself
58.4%
is
58.2%
rough.
58%
performance
57.3%
terrible
57%
hide.
56.8%
I'll
56.2%
start
55.9%
beat
55.3%
made
55.2%
try (x3)
55.1%
stuff,
54.7%
stuff
54.7%
up)
54.5%
it's
54.4%
decapod
54.1%
die (x3)
53.4%
Strut
53.3%
tough.
52.9%
time
52.4%
expect
52.1%
enough,
50.5%
I've
49.5%
shell's
49.3%
aching
48.7%
take
47.5%
Ouch,
46.3%
Watch
44.6%
they'll
42.9%
dazzle
42.8%
armies
42.6%
Send
40.3%
could
40.2%
Yet
38.3%

You're not logged in!

Compare scores with friends on all Sporcle quizzes.
Sign Up with Email
OR
Log In

You Might Also Like...

Show Comments

Extras

Top Quizzes Today


Score Distribution

Your Account Isn't Verified!

In order to create a playlist on Sporcle, you need to verify the email address you used during registration. Go to your Sporcle Settings to finish the process.